| 000 | 00398nam a2200169Ia 4500 | ||
|---|---|---|---|
| 003 | LK-CoDNM | ||
| 005 | 20240725145814.0 | ||
| 008 | 010623t1892 xxu||||| |||| 00| 1 fra d | ||
| 040 |
_aLK-CoDNM _dLK-CoDNM _eLK-CoDNM |
||
| 041 | _afra | ||
| 080 |
_a8 _bS14 |
||
| 100 | _aDeschamps,Emile. | ||
| 245 | _aAu Pays Des Veddas | ||
| 260 |
_bParis _c1892 |
||
| 300 | _b480p. : ill ; 25 cm | ||
| 942 | _cBK | ||
| 999 |
_c83467 _d83467 |
||